Руководство по индукции овуляции и протоколам стимуляции яичников (Запись № 11115472)
[ простой вид ]
| 000 -МАРКЕР | |
|---|---|
| контрольное поле | 01974nam0a2200385 4500 |
| 001 - ИДЕНТИФИКАТОР ЗАПИСИ | |
| контрольное поле | RU\NLR\BIBL_A\011945388 |
| 005 - ИДЕНТИФИКАТОР ВЕРСИИ | |
| контрольное поле | 20210401112159.0 |
| 010 ## - МЕЖДУНАРОДНЫЙ СТАНДАРТНЫЙ НОМЕР КНИГИ (ISBN) | |
| Номер (ISBN) | 978-5-907098-07-7 |
| Тираж | 1500 |
| 021 ## - НОМЕР ГОСУДАРСТВЕННОЙ РЕГИСТРАЦИИ | |
| Код страны | Российская Федерация |
| Номер | КН-П-19-002922 |
| Номер Листа государственной регистраци | КН-П-19-0209 |
| 035 ## - ДРУГИЕ СИСТЕМНЫЕ НОМЕРА | |
| Идентификатор записи | (NLR Aleph) 011945388 |
| 035 ## - ДРУГИЕ СИСТЕМНЫЕ НОМЕРА | |
| Идентификатор записи | (RuMoRGB)009884337 |
| 100 ## - ДАННЫЕ ОБЩЕЙ ОБРАБОТКИ | |
| Данные общей обработки | 20190225d2019 k y0rusy50 ca |
| 101 1# - ЯЗЫК РЕСУРСА | |
| Язык текста, звукозаписи и т.д. | русский |
| Язык оригинала | английский |
| 102 ## - СТРАНА ПУБЛИКАЦИИ ИЛИ ПРОИЗВОДСТВА | |
| Страна публикации | Российская Федерация |
| 105 ## - ПОЛЕ КОДИРОВАННЫХ ДАННЫХ: ТЕКСТОВЫЕ МАТЕРИАЛЫ, МОНОГРАФИЧЕСКИЕ | |
| Кодированные данные о монографическом текстовом документе | a|||z|||001zy |
| 200 1# - ЗАГЛАВИЕ И СВЕДЕНИЯ ОБ ОТВЕТСТВЕННОСТИ | |
| Основное заглавие | Руководство по индукции овуляции и протоколам стимуляции яичников |
| Первые сведения об ответственности | под редакцией Гаутама Н. Аллахбадии, Рубины Мерчант |
| Последующие сведения об ответственности | [перевод с английского: Кандрор Виллен Иосифович] |
| 205 ## - СВЕДЕНИЯ ОБ ИЗДАНИИ | |
| Сведения об издании | 3-е изд. |
| 210 ## - ПУБЛИКАЦИЯ, РАСПРОСТРАНЕНИЕ И ДР. | |
| Место издания, распространения и т.д. | Москва |
| Имя издателя, распространителя и т. д. | Медицинское информационное агентство |
| Дата издания, распространения и т.д. | 2019 |
| 215 ## - ФИЗИЧЕСКАЯ ХАРАКТЕРИСТИКА | |
| Специфическое обозначение материала и объем | XXX, 667 с. |
| Другие сведения о физической характеристике | цв. ил., табл. |
| Размеры | 24 |
| 300 ## - ОБЩИЕ ПРИМЕЧАНИЯ | |
| Текст примечания | Загл. ориг.: Manual of ovulation induction and ovarian stimulation protocols |
| 320 ## - ПРИМЕЧАНИЯ О НАЛИЧИИ В ДОКУМЕНТЕ БИБЛИОГРАФИИ / УКАЗАТЕЛЯ | |
| Текст примечания | Библиогр. в конце гл. |
| 320 ## - ПРИМЕЧАНИЯ О НАЛИЧИИ В ДОКУМЕНТЕ БИБЛИОГРАФИИ / УКАЗАТЕЛЯ | |
| Текст примечания | Алф. указ.: с. 663-667 |
| 454 #0 - ОРИГИНАЛ (ПЕРЕВОДА) | |
| Встроенное поле | 2001#$aManual of ovulation induction and ovarian stimulation protocols |
| Заглавие | Manual of ovulation induction and ovarian stimulation protocols |
| 606 1# - НАИМЕНОВАНИЕ ТЕМЫ КАК ПРЕДМЕТ | |
| Наименование темы | Яичники |
| Формальный подзаголовок | Руководства, пособия и т.п |
| Тематический подзаголовок | Стимуляция при патологии |
| Системный номер авторитетной/нормативной записи | 2340145 |
| Идентификатор авторитетной/нормативной записи | RU\NLR\AUTH\6601622403 |
| 606 1# - НАИМЕНОВАНИЕ ТЕМЫ КАК ПРЕДМЕТ | |
| Наименование темы | Овуляция |
| Формальный подзаголовок | Руководства, пособия и т.п |
| Системный номер авторитетной/нормативной записи | 1156404 |
| Идентификатор авторитетной/нормативной записи | RU\NLR\AUTH\66144051 |
| 686 1# - ИНДЕКСЫ ДРУГИХ КЛАССИФИКАЦИЙ | |
| Индекс | Р712.55я77 |
| 686 1# - ИНДЕКСЫ ДРУГИХ КЛАССИФИКАЦИЙ | |
| Индекс | Р712.54-5я77 |
| 686 1# - ИНДЕКСЫ ДРУГИХ КЛАССИФИКАЦИЙ | |
| Индекс | Р712.56я77 |
| 702 #1 - ИМЯ ЛИЦА - ВТОРИЧНАЯ ОТВЕТСТВЕННОСТЬ | |
| Начальный элемент ввода | Аллахбадия |
| Часть имени, кроме начального элемента ввода | Г. Н. |
| Расширение инициалов личного имени | Гаутам Н |
| Код отношения | Редактор |
| 942 ## - ДОПОЛНИТЕЛЬНЫЕ ЭЛЕМЕНТЫ ЗАПИСИ (АБИС) | |
| Тип экземпляра АБИС | Книга |
| 980 ## - КОЛЛЕКЦИЯ | |
| Название коллекции | НБР |
| 980 ## - КОЛЛЕКЦИЯ | |
| Название коллекции | Национальная библиография |
Нет доступных экземпляров.